A Guide to Civil War maps in the National Archives.

Bibliographic Details
Corporate Author: United States. National Archives and Records Administration
Format: Book
Language:English
Published: Washington, D.C. : National Archives, National Archives and Records Administration, 1986.
Subjects:

MARC

Tag First Indicator Second Indicator Subfields
LEADER 00000cam a2200000 a 4500
001 in00000009334
005 20151007051526.0
008 860221s1986 dcuab bc f00100 eng
010 |a  86005132  
020 |a 0911333363 
035 |a (OCoLC)13269695 
035 |9 AAA3418AM 
040 |a DLC  |c DLC  |d m/c  |d TXA  |d UtOrBLW 
043 |a n-us---  |a n-us-dc 
049 |a TXAC  |c [A12568100] 
050 0 0 |a Z1242  |b .G85 1986 
082 0 |a 016.911/73  |2 19 
245 0 2 |a A Guide to Civil War maps in the National Archives. 
255 |a Scales vary. 
264 1 |a Washington, D.C. :  |b National Archives, National Archives and Records Administration,  |c 1986. 
300 |a 1 atlas (xv, 139 pages) :  |b illustrations, maps ;  |c 29 cm. 
336 |a text  |b txt  |2 rdacontent 
337 |a unmediated  |b n  |2 rdamedia 
338 |a volume  |b nc  |2 rdacarrier 
500 |a Includes index. 
651 0 |a United States  |x History  |y Civil War, 1861-1865  |v Maps  |x Bibliography  |x Catalogs. 
610 1 0 |a National Archives (U.S.)  |x Catalogs. 
710 1 |a United States.  |b National Archives and Records Administration. 
740 0 |a Civil War maps in the National Archives. 
999 |a MARS 
999 f f |s 6fd186b2-6cf8-3f88-905f-58414f805378  |i cce4906b-24c3-33eb-bf49-94dc916a9e46  |t 0 
952 f f |p normal  |a Texas A&M University  |b College Station  |c Sterling C. Evans Library  |d Evans: Maps (2nd floor)  |t 0  |e Z1242 .G85 1986  |h Library of Congress classification  |i unmediated -- volume  |m A14812568100 
998 f f |a Z1242 .G85 1986  |t 0  |l Evans: Maps (2nd floor)